000 01491cam a22003737a 4500
999 _c331526
_d331526
001 16046336
003 NUST
005 20180118110450.0
008 100108s2009 gw a b 001 0 eng d
010 _a 2010275127
015 _aGBA981249
_2bnb
016 7 _a015351301
_2Uk
020 _a9783527326266 (hbk.)
020 _a352732626X (hbk.)
020 _a9783527325979 (pbk.)
020 _a3527325972 (pbk.)
035 _a(OCoLC)ocn431872248
040 _aUKM
_cUKM
_dYDXCP
_dBWX
_dRRR
_dDLC
042 _aukblsr
_alccopycat
050 0 0 _aTA418.9.N35
_bC333 2009
082 0 4 _a620.5 CAD
_222
100 1 _aCademartiri, Ludovico.
_95159
245 1 0 _aConcepts of nanochemistry /
_cLudovico Cademartiri and Geoffrey A. Ozin ; with a foreword by Jean-Marie Lehn.
260 _aWeinheim :
_bWiley-VCH ;
_a[Chichester :
_bJohn Wiley [distributor],
_cc2009.
300 _axix, 261 p. :
_bill. (some col.) ;
_c25 cm.
504 _aIncludes bibliographical references and index.
650 0 _aNanostructured materials.
_92041
650 0 _aNanochemistry.
_93298
700 1 _aOzin, Geoffrey A.
_95160
906 _a7
_bcbc
_ccopycat
_d2
_encip
_f20
_gy-gencatlg
942 _2ddc
_cBK
_e1st